| 000 | 00493ntaaa2200193 4500 | ||
|---|---|---|---|
| 003 | 01 | ||
| 005 | 20251027201322.0 | ||
| 008 | 0714s1973 ag 01 | ||
| 040 |
_aAR-BaBN _bspa _cAR-BaBN _eaacr _dRIC |
||
| 082 | _a222.1600 T21 | ||
| 100 |
_aTaylor, William Carey _911125 |
||
| 245 | _aOs Dez Mandamentos | ||
| 250 | _a1 ed. | ||
| 260 |
_aRío de Janeiro : _bCasa Publicadora Batista, _c1945 |
||
| 300 | _a43 p. | ||
| 500 | _aLos diez mandamientos | ||
| 650 | _aDiez Mandamientos | ||
| 942 | _cBK | ||
| 999 |
_c7608 _d7608 |
||